000 00265nam a22001217a 4500
003 OSt
008 150215b xxu||||| |||| 00| 0 eng d
100 1 _aSutton, R J
041 _aeng
245 1 0 _aThe Stamp Collector's Encyclopaedia
260 _b1956
300 _a0 pages
999 _c850
_d850